4-Letter Movie Chain #4 - Statistics

General Stats
  • This quiz has been taken 16,241 times
  • The average score is 15 of 22
Answer Stats
Hint Answer % Correct
"The ____ and the Furious" Fast
97%
"There's no place like ____", said Dorothy Home
97%
"Gone ___ the Wind" With
95%
"The Good, the Bad, and the ____" Ugly
92%
Movie about the bad guy in "Peter Pan" Hook
89%
The snowman in "Frozen" Olaf
89%
Jack Dawson: "I'm ____ of the world" King
87%
Something raided by Lara Croft Tomb
87%
What the Grinch's heart did Grew
81%
Hardboiled detective genre: Film ____ Noir
77%
Ms. Brockovich Erin
74%
Jabba's species Hutt
73%
Where Paddington Bear comes from Peru
72%
Microphone on a long pole used to capture dialog Boom
62%
Bible character portrayed by Russell Crowe Noah
62%
Movie set on Alcatraz: "The ____" Rock
58%
Product sold by Tyler Durden Soap
52%
Type of party featured in "Animal House" Toga
45%
African dictator in "The Last King of Scotland" Amin
44%
Where much of "Total Recall" took place Mars
44%
First Asian to win an Oscar for Best Actress Yeoh
37%
The Green Hornet's sidekick Kato
26%
No matching quizzes found
Score Distribution
Percent of People with Each Score
Percentile by Number Answered
Your Score History
You have not taken this quiz